000 01074cam a22003257a 4500
003 CHAP
005 20220329141817.0
008 971013s1983 r 00010 d
010 _a74212
011 _a75184
035 _a84744
040 _cCHAP
090 _aFolleto 8470
100 0 0 _aCarmona Valdovinos, Tomás Fernando.
_919047
245 0 _aMaderas tropicales para la arquetería
260 _aXalapa, Ver. :
_bInstituto Nacional de Investigaciones sobre Recursos Bióticos,
_c1983
300 _a4 p.
590 _aBATCH-UPD
_b10
_c20130110
_lUCH01
_h0333
590 _aBATCH-UPD
_b10
_c20130110
_lUCH01
_h1943
590 _aBATCH-UPD
_b10
_c20130410
_lUCH01
_h0006
590 _aBATCH-UPD
_b10
_c20130410
_lUCH01
_h1623
590 _aBATCH-UPD
_b10
_c20130914
_lUCH01
_h0845
590 _aCONVERSION
_b10
_c20130109
_lUCH01
_h1341
650 1 4 _aMaderas tropicales.
_969670
700 0 _aAranda Delgado, Octavio.
_96498
700 0 _aVázquez Montaño, Víctor.
_9120440
901 _aBK
942 _cFOLL
949 _aFolleto 8470
_bBC
_cFOLL
_d-40245
_eTS1
_i84744
_mD
_si
999 _c74212
_d74212